Kudrun /

Bibliographic Details
Uniform Title:Kudrun.
Other Authors: Gibbs, Marion E. (Marion Euphemia), Johnson, Sidney M.
Format: Book
Language:English
Published: New York : Garland Pub., 1992.
Series:Garland library of medieval literature ; v. 79.

MARC

Tag First Indicator Second Indicator Subfields
LEADER 00000cam a2200000 a 4500
001 in00001069694
005 20150929101542.0
008 911017s1992 nyua b 000 0 eng
010 |a  91038267  
020 |a 0824055357 (acid-free paper) 
035 |a (OCoLC)24794797 
035 |9 AFP1997AM 
040 |a DLC  |c DLC  |d TXA  |d UtOrBLW 
041 1 |a eng  |h ger 
049 |a TXAM 
050 0 0 |a PT1528  |b .A44 1992 
082 0 0 |a 831/.2  |2 20 
130 0 |a Kudrun.  |l English. 
245 1 0 |a Kudrun /  |c translated by Marion E. Gibbs and Sidney M. Johnson. 
264 1 |a New York :  |b Garland Pub.,  |c 1992. 
300 |a lii, 176 pages :  |b illustrations ;  |c 22 cm. 
336 |a text  |b txt  |2 rdacontent 
337 |a unmediated  |b n  |2 rdamedia 
338 |a volume  |b nc  |2 rdacarrier 
490 1 |a Garland library of medieval literature ;  |v v. 79. Series B 
504 |a Includes bibliographical references (pages xxxix-lii). 
700 1 |a Gibbs, Marion E.  |q (Marion Euphemia) 
700 1 |a Johnson, Sidney M. 
830 0 |a Garland library of medieval literature ;  |v v. 79. 
999 |a MARS 
999 f f |s 192c1a81-e204-31a9-bd6b-93cf2d177943  |i 453992f3-48b2-3f7c-8564-8a4f583b931e  |t 0 
952 f f |p normal  |a Texas A&M University  |b College Station  |c Sterling C. Evans Library  |d Evans: Library Stacks  |t 0  |e PT1528 .A44 1992  |h Library of Congress classification  |i unmediated -- volume  |m A14815660113 
998 f f |a PT1528 .A44 1992  |t 0  |l Evans: Library Stacks